Pesci Cartilaginei - Morte Improvvisa - Statistics

Statistiche generali
  • Questo quiz è stato fatto 19 volte
  • Il punteggio medio è 5 su 16
Answers on the Grid
Answers color-coded by a green-red scale on the quiz's grid according to % correct below.
Manta Gigante
Gattuccio
Squalo della Groenlandia
Murena
Pastinaca
Squalo Chitarra
Torpedine
Chimera
Pesce Luna
Aquila di Mare
Rombo
Tonno
Pesce Sega
Palombo
Pesce Palla
Cernia
Razza Chiodata
Diavolo di Mare
Medusa Nomura
Pesce Remo
Squalo Martello
Pesce Gatto
Trota
Tracina
Squalo Bianco
Acciuga
Trigone
Cefalo
Pesce Chirurgo
Verdesca
 
Statistiche sulle risposte
Risposta % Corretto
Manta Gigante
75%
Squalo della Groenlandia
56%
Squalo Chitarra
50%
Aquila di Mare
38%
Razza Chiodata
38%
Gattuccio
31%
Pastinaca
31%
Squalo Bianco
31%
Verdesca
31%
Pesce Sega
25%
Squalo Martello
25%
Diavolo di Mare
19%
Chimera
13%
Palombo
13%
Torpedine
13%
Trigone
13%
Nessun quiz corrispondente trovato
Distribuzione punteggi
Percentuale di utenti per punteggio
Percentile per numero di risposta
I tuoi punteggi nel tempo
Non hai fatto questo quiz